| 000 | 00897nam a22002417a 4500 | ||
|---|---|---|---|
| 005 | 20140313100411.0 | ||
| 008 | 140109b xxu||||| |||| 00| 0 eng d | ||
| 020 | _a9789280812213 | ||
| 050 |
_aGF 85 _b.R745 2013 |
||
| 245 |
_aThe role of ecosystems in disaster risk reduction / _cedited by Fabrice G. Renaud, Karen Sudmeier-Rieux and Marisol Estrella. |
||
| 260 |
_aShibuya-ku, Tokyo : _bUnited Nations University Press, _c2013. |
||
| 300 |
_axxxiv, 486 p. : _bill., maps ; _c24 cm. |
||
| 504 | _aIncludes Bibliographic References and Index. | ||
| 521 | _aEDU | ||
| 650 | _aHazardous geographic environments. | ||
| 650 |
_aNatural disasters _xEnvironmental aspects. |
||
| 650 | _aEcosystem management. | ||
| 700 |
_aRenaud, Fabrice G. _eeditor. |
||
| 700 |
_aSudmeier-Rieux, Karen. _eeditor. |
||
| 700 |
_aEstrella, Marisol. _eeditor. |
||
| 942 |
_2lcc _cBK _kFOR |
||
| 999 |
_c25990 _d25990 |
||